000 00639nam a22002297a 4500
003 UA-OsUOA
001 97967
007 ta
008 20130408b un ||||| |||| 00| 0 ukr d
100 _aПанасян С.
090 _a821.161.1
_bП16
942 _cBK
040 _aUA-OsUOA
_brus
_cUA-OsUOA
_dUA-OsUOA
245 _aСеребряная гроза
_bповести, рассказы
300 _a368 с.
955 _a3
041 _arus
080 _a821.161.1
260 _aМ.
_bСоветский писатель
_c1988
650 7 _a82 Література. Літературознавство
_2UDC
999 _c384211
_d384211